Serie A All-Time Standings - Statistics

General Stats
  • This quiz has been taken 4 times
  • The average score is 18 of 68
Answer Stats
# Club Points Points (eff.) Participations Last Participation Best Placement Area % Correct
1 Juventus 5.949 5.004 93 2025–26 1st North
100%
11 Atalanta 2.892 2.529 65 2025–26 3rd North
67%
19 Bari 1.071 874 31 2010–11 7th South
67%
9 Bologna 3.723 3.054 79 2025–26 1st Center
67%
21 Brescia 808 685 24 2019–20 8th North
67%
14 Cagliari 1.839 1.644 45 2025–26 1st South
67%
5 Fiorentina 4.405 3.662 89 2025–26 1st Center
67%
16 Hellas Verona 1.256 1.117 35 2025–26 1st North
67%
2 Inter Milan 5.743 4.770 94 2025–26 1st North
67%
7 Lazio 4.086 3.563 83 2025–26 1st Center
67%
3 Milan 5.421 4.538 92 2025–26 1st North
67%
6 Napoli 4.168 3.492 80 2025–26 1st South
67%
17 Palermo 1.206 1.048 29 2016–17 5th South
67%
15 Parma 1.420 1.360 29 2025–26 2nd Center
67%
4 Roma 4.965 4.225 93 2025–26 1st Center
67%
10 Sampdoria 2.961 2.502 66 2022–23 1st Center
67%
8 Torino 3.879 3.122 82 2025–26 1st North
67%
20 Triestina 1.038 774 26 1958–59 4th North
67%
13 Udinese 2.339 2.138 53 2025–26 2nd North
67%
27 Catania 667 591 17 2013–14 8th South
33%
22 Chievo Verona 740 740 17 2018–19 4th North
33%
29 Como 581 476 15 2025–26 7th North
33%
46 Cremonese 262 235 9 2025–26 10th North
33%
28 Empoli 626 612 17 2024–25 7th Center
33%
12 Genoa 2.448 2.042 58 2025–26 2nd Center
33%
26 Lecce 676 644 20 2025–26 9th South
33%
33 Modena 515 400 13 2003–04 3rd Center
33%
56 Monza 115 115 3 2024–25 11th North
33%
54 Pescara 168 141 7 2016–17 14th Center
33%
49 Pisa 221 179 8 2025–26 11th Center
33%
52 Salernitana 178 162 5 2023–24 15th South
33%
57 Spezia 106 106 3 2022–23 15th Center
33%
37 Venezia 449 371 14 2024–25 3rd North
33%
18 Vicenza 1.188 943 30 2000–01 2nd North
33%
32 Alessandria 517 381 13 1959–60 7th North
0%
66 Ancona 38 32 2 2003–04 17th Center
0%
31 Ascoli 520 424 16 2006–07 4th Center
0%
42 Avellino 341 264 10 1987–88 8th South
0%
63 Benevento 54 54 2 2020–21 18th South
0%
65 Carpi 38 38 1 2015–16 18th Center
0%
55 Casale 123 90 4 1933–34 12th North
0%
50 Catanzaro 202 164 7 1982–83 7th South
0%
39 Cesena 399 338 13 2014–15 6th Center
0%
59 Crotone 92 92 3 2020–21 17th South
0%
38 Foggia 399 312 11 1994–95 9th South
0%
60 Frosinone 91 91 3 2023–24 18th Center
0%
58 Lecco 92 69 3 1966–67 14th North
0%
62 Legnano 78 61 3 1953–54 18th North
0%
24 Livorno 685 566 18 2013–14 2nd Center
0%
43 Lucchese 325 244 8 1951–52 8th Center
0%
48 Mantova 232 184 7 1971–72 9th North
0%
53 Messina 171 155 5 2006–07 7th South
0%
35 Novara 504 380 13 2011–12 8th North
0%
25 Padova 677 513 16 1995–96 3rd North
0%
34 Perugia 514 459 13 2003–04 2nd Center
0%
44 Piacenza 286 275 8 2002–03 12th Center
0%
67 Pistoiese 22 16 1 1980–81 16th Center
0%
36 Pro Patria 456 338 12 1955–56 8th North
0%
47 Pro Vercelli 236 171 6 1934–35 7th North
0%
61 Reggiana 78 68 3 1996–97 14th Center
0%
40 Reggina 352 345 9 2008–09 10th South
0%
45 Sampierdarenese 270 202 8 1942–43 6th Center
0%
30 Sassuolo 563 563 12 2025–26 6th Center
0%
41 Siena 349 349 9 2012–13 13th Center
0%
23 SPAL 724 570 19 2019–20 7th Center
0%
64 Ternana 42 35 2 1974–75 15th Center
0%
68 Treviso 21 21 1 2005–06 19th North
0%
51 Varese 191 155 7 1974–75 8th North
0%
No matching quizzes found
Score Distribution
Percent of People with Each Score
Percentile by Number Answered
Your Score History
You have not taken this quiz